00775nam a2200217 a 450000100060000000300090000600800410001502000150005604000280007108200160009910000260011524501100014126000620025130000100031349000750032365000230039865000480042165000370046965000250050665000260053110384CO-ViMGA141112s2004 ck r 000 u spa d a9586640027 aCO-ViMGAbspacCO-ViMGA04a986.02 G17r1 aGarrido ; Margarita, 10aReclamos y representaciones : bVariaciones sobre la política en el Nuevo Reino de Granada, 1770 - 1815 aSantafé de Bogotá : bBanco de la República, c1993 a414p. aColección Bibliografica Banco de la República, Historia Colombiana14aASPECTOS POLITICOS14aCOLOMBIA - HISTORIA - COLONIA - 1550 - 181014aCOLOMBIA - Política Y GOBIERNO14aHISTORIA 1770 - 181514aSOCIOLOGIA Política